| 000 | 00485nam#a2200169#c#4500 | ||
|---|---|---|---|
| 003 | IEF | ||
| 005 | 20180219151211.0 | ||
| 008 | 950601s1975 uuu####fr####| 0||u| |u | ||
| 040 | _aIEF | ||
| 245 | _aJournée d'Etudes Sur la Gestion de Concentrée des Finances de L'Etat : Institut Français Ssciences Administratives, 1973 | ||
| 260 |
_aParis _b Cujas _c1975 |
||
| 300 |
_a105 p. _c 23 cm. |
||
| 650 | 4 |
_aDESCENTRALIZACION _942577 |
|
| 942 | _cLIB | ||
| 942 | _z53587 | ||
| 999 |
_c13766 _d13766 |
||